|
|
|
|
| LEADER |
01244nam a2200337 a 4500 |
| 001 |
7846 |
| 003 |
BD-DhAAL |
| 005 |
20151116095328.0 |
| 008 |
151116s2002 enk 000 f eng |
| 020 |
|
|
|a 0330418629
|
| 020 |
|
|
|a 1405020792
|
| 040 |
|
|
|a UKM
|c UKM
|d GZM
|d OCLCQ
|d MYG
|d BD-DhAAL
|
| 082 |
0 |
4 |
|a 823.914
|2 21
|
| 100 |
1 |
|
|a Archer, Jeffrey,
|d 1940-
|9 12890
|
| 245 |
1 |
0 |
|a Sons of fortune /
|c Jeffrey Archer.
|
| 260 |
|
|
|a London :
|b Macmillan,
|b Pan Books,
|c c2002.
|
| 300 |
|
|
|a 516 p. ;
|c 18 cm.
|
| 650 |
|
0 |
|a Twins
|z United States
|v Fiction.
|9 16179
|
| 650 |
|
0 |
|a Twins
|v Fiction.
|9 16180
|
| 650 |
|
0 |
|a Brothers
|v Fiction.
|9 7276
|
| 650 |
|
0 |
|a Infants switched at birth
|v Fiction.
|9 16181
|
| 650 |
|
0 |
|a Vietnam War, 1961-1975
|x Veterans
|v Fiction.
|9 16182
|
| 650 |
|
0 |
|a Banks and banking
|v Fiction.
|9 16183
|
| 650 |
|
0 |
|a Politicians
|v Fiction.
|9 16184
|
| 651 |
|
0 |
|a Hartford (Conn.)
|v Fiction.
|9 16185
|
| 655 |
|
7 |
|a Psychological fiction.
|2 lcsh
|9 5686
|
| 655 |
|
7 |
|a Domestic fiction.
|2 lcsh
|9 16186
|
| 655 |
|
7 |
|a Suspense fiction.
|2 lcsh
|9 12793
|
| 942 |
|
|
|2 ddc
|c BK
|
| 999 |
|
|
|c 36148
|d 36148
|
| 952 |
|
|
|0 0
|1 0
|2 ddc
|4 0
|6 823_914000000000000_ARC
|7 0
|9 56840
|a SCL
|b SCL
|c GEN
|d 2015-11-16
|e Gift:
|l 3
|m 15
|o 823.914 ARC
|p 3020007846
|r 2019-07-24
|s 2019-05-16
|t 1
|w 2015-11-16
|y BK
|